Bài tập hoá sinh /
Kaydedildi:
| Yazar: | |
|---|---|
| Diğer Yazarlar: | , |
| Materyal Türü: | Sách giấy |
| Dil: | Vietnamese |
| Baskı/Yayın Bilgisi: |
H. :
Khoa học Kỹ thuật,
2005
|
| Konular: | |
| Etiketler: |
Etiketle
Etiket eklenmemiş, İlk siz ekleyin!
|
| Thư viện lưu trữ: | Thư viện Trường Đại học Đà Lạt |
|---|
| LEADER | 00823nam a2200325 4500 | ||
|---|---|---|---|
| 001 | DLU050049320 | ||
| 005 | ##20051110 | ||
| 040 | # | # | |a DLU |b vie |
| 041 | # | # | |a vie |
| 044 | # | # | |a vn |
| 082 | # | # | |a 572.076 |b NG-T |
| 100 | # | # | |a Nguyễn Thị Thịnh, |c PGS |
| 245 | # | # | |a Bài tập hoá sinh / |c Nguyễn Thị Thịnh, Vũ Thị Thư, Lê Ngọc Tú |
| 260 | # | # | |a H. : |b Khoa học Kỹ thuật, |c 2005 |
| 300 | # | # | |a 235 tr. ; |c 21 cm |
| 504 | # | # | |a Tài liệu tham khảo :tr.231 |
| 653 | # | # | |a Bài tập |
| 653 | # | # | |a Hoá sinh học |
| 700 | # | # | |a Lê Ngọc Tú |
| 700 | # | # | |a Vũ Thị Thư |
| 923 | # | # | |a 46/2005 |
| 992 | # | # | |a 23.000 |
| 994 | # | # | |a DLU |
| 900 | # | # | |a True |
| 911 | # | # | |a Đào Thị Thu Huyền |
| 925 | # | # | |a G |
| 926 | # | # | |a A |
| 927 | # | # | |a SH |
| 980 | # | # | |a Thư viện Trường Đại học Đà Lạt |